000 01525nam a22002297a 4500
999 _c56764
_d56764
003 Ge_BSU
005 20221102170631.0
008 190419s2002 ge ||||| |||| 00| 0 geo d
020 _a 9992848918
041 _ageo
080 _a340.1 გ- 69
100 _aგორგოშაძე, მურმან
_9218
245 _aსახელმწიფოსა და სამართლის თეორია :
_c [რედ.: ნუგზარ ფუტკარაძე] ; ბათუმის სახ. უნ-ტი, სახელმწიფოსა და სამართლის თეორიისა და ისტორიის კათედრა.
_bსქემები და განმარტებები /
264 _aბათუმი :
_bბათუმის უნივერსიტეტი,
_c2002.
300 _a129 გვ. ;
_c129 სმ.
504 _a ბიბლიოგრ.: გვ. 121-122.
653 _aსახელმწიფოს თეორია
653 _aსამართლის თეორია
700 _aფუტკარაძე, ნუგზარ
_eრედაქტორი
_9249
710 _aშოთა რუსთაველის სახელობის სახელმწიფო უნივერსიტეტი
_bსახელმწიფოსა და სამართლის თეორიისა და ისტორიის კათედრა.
_9250
942 _2udc
_cBK